000 00788nam a22002417a 4500
003 UA-OsUOA
001 47723
007 ta
008 20120727b un ||||| |||| 00| 0 ukr d
100 _aАндрієвський А.М.
090 _a32 (091)
_bА65
942 _cBK
040 _aUA-OsUOA
_bukr
_cUA-OsUOA
_dUA-OsUOA
245 _aУкраїнський націоналізм 1917-1919 рр. Основні елементи правосвідомости українського народу.
300 _a30 с.
955 _a4
041 _aukr
080 _a32 (091)
260 _aЧернівці
_c1935
650 7 _a32 Політика
_2UDC
999 _c427834
_d427834